000
00326nam a2200133Ia 4500
008
150201s2009 xx 000 0 und d
082
_a
612
_b
S09N
100
_a
NALGIRKAR,VIVEK
245
_a
SMART STUDY SERIES PHYSIOLOGY
250
_a
1ST
260
_b
AITBS
_a
DELHI
_c
2009
650
_a
HUMAN PHYSIOLOGY
942
_2
ddc
_c
BK
_0
12
999
_c
1185
_d
1185